| 000 | 00496nam a22001577a 4500 | ||
|---|---|---|---|
| 999 |
_c60681 _d60681 |
||
| 005 | 20231006145754.0 | ||
| 008 | 231006s1961 enk||||| |||| 00| 0 eng d | ||
| 041 | _aeng | ||
| 080 | _a902+634.8 G-71 | ||
| 100 |
_aGrace, R. _920018 |
||
| 245 |
_aAmphoras and the Ancient Wine Trade. _cR. Grace. |
||
| 264 |
_aPrinceton, _c1961. |
||
| 300 |
_a31 p.: _bill.; _c22 cm. |
||
| 653 | _aამფორები და უძველესი ღვინის ვაჭრობა | ||
| 942 |
_2udc _cBK |
||